| 000 | 00747cam a22002535a 4500 | ||
|---|---|---|---|
| 001 | 16140684 | ||
| 005 | 20161013134503.0 | ||
| 008 | 100317t2014 enka frbd 001 0 eng d | ||
| 010 | _a 2010286220 | ||
| 020 | _a9781292063898 | ||
| 020 | _a1292063890 | ||
| 040 |
_aDLC _beng _cDLC _dDLC _dEG-ScBUE |
||
| 082 | 0 | 4 |
_a330 _bPAR _222 |
| 100 | 1 |
_aParkin, Michael, _d1939- |
|
| 245 | 1 | 0 |
_aEconomics / _cMichael Parkin, Melanie Powell, Kent Mattews. |
| 250 | _a9th ed. | ||
| 260 |
_aHarlow : _bPearson education Limited, _cc.2014. |
||
| 300 |
_axxx, 784 p. : _bill. (col.) ; _c27 cm. |
||
| 504 | _aIncludes bibliographical references and index. | ||
| 650 | 0 |
_aEconomics. _2BUEsh |
|
| 651 | _2BUEsh | ||
| 653 |
_bBUSECO _cOctober2016 |
||
| 942 | _2ddc | ||
| 999 |
_c22570 _d22542 |
||